<?xml version='1.0' encoding='UTF-8'?><?xml-stylesheet href='static/style.xsl' type='text/xsl'?><OAI-PMH xmlns="http://www.openarchives.org/OAI/2.0/" xmlns:xsi="http://www.w3.org/2001/XMLSchema-instance" xsi:schemaLocation="http://www.openarchives.org/OAI/2.0/ http://www.openarchives.org/OAI/2.0/OAI-PMH.xsd"><responseDate>2026-04-30T03:46:27Z</responseDate><request verb="GetRecord" identifier="oai:ebiltegia.mondragon.edu:20.500.11984/4804" metadataPrefix="marc">https://ebiltegia.mondragon.edu/oai/request</request><GetRecord><record><header><identifier>oai:ebiltegia.mondragon.edu:20.500.11984/4804</identifier><datestamp>2024-01-04T21:57:01Z</datestamp><setSpec>com_20.500.11984_1736</setSpec><setSpec>com_20.500.11984_1627</setSpec><setSpec>col_20.500.11984_1972</setSpec></header><metadata><record xmlns="http://www.loc.gov/MARC21/slim" xmlns:dcterms="http://purl.org/dc/terms/" xmlns:xsi="http://www.w3.org/2001/XMLSchema-instance" xmlns:doc="http://www.lyncode.com/xoai" xsi:schemaLocation="http://www.loc.gov/MARC21/slim http://www.loc.gov/standards/marcxml/schema/MARC21slim.xsd">
   <leader>00925njm 22002777a 4500</leader>
   <datafield ind2=" " ind1=" " tag="042">
      <subfield code="a">dc</subfield>
   </datafield>
   <datafield ind2=" " ind1=" " tag="720">
      <subfield code="a">Mondragon Unibertsitatea</subfield>
      <subfield code="e">author</subfield>
   </datafield>
   <datafield ind2=" " ind1=" " tag="260">
      <subfield code="c">2016-10-24</subfield>
   </datafield>
   <datafield ind2=" " ind1=" " tag="520">
      <subfield code="a">Pasa den larunbatean, urriak 21, hasi ziren Euskal Kulturgintzaren Transmisioaren Aditu Tituluko (EKT)  aurrez aurreko saioak. Seigarren edizio honetan 28 ikaslek hartuko dute parte; ikasle horien artean daude euren kontura etorritako kideak eta Zenbat Gara Elkartea, Bertsozale Elkartea, Zurriola ikastola, Orereta ikastola eta Eusko Jaurlaritzako Hezkuntza sailak moduko erakundeek bidalitakoak. Humanitate eta Hezkuntza Zientzien Fakultateak antolatzen du ikastaroa.</subfield>
   </datafield>
   <datafield ind2=" " ind1=" " tag="520">
      <subfield code="a">El pasado sábado 21 de octubre echó a andar la sexta edición del del Título de Experto en Transmisión de la Cultura Vasca organizado por la Facultad de Humanidades y Ciencias de la Educación. La presente edición contará con 28 participantes, entre ellos hay alumnos venidos por cuenta propia junto a otros, miembros de organismos tales como Zenbat Gara Elkartea, Bertsozale Elkartea, Zurriola ikastola, Orereta ikastola o del Departamento de Educación del Gobierno Vasco.</subfield>
   </datafield>
   <datafield ind1="8" ind2=" " tag="024">
      <subfield code="a">https://hdl.handle.net/20.500.11984/4804</subfield>
   </datafield>
   <datafield tag="653" ind2=" " ind1=" ">
      <subfield code="a">Humanitate eta Hezkuntza Zientzien Fakultatea</subfield>
   </datafield>
   <datafield ind2="0" ind1="0" tag="245">
      <subfield code="a">Abian da Euskal Kulturgintzaren Transmisioaren Aditu Tituluaren seigarren edizioa</subfield>
   </datafield>
   <datafield ind2="0" ind1="0" tag="245">
      <subfield code="a">Da comienzo la sexta edición del Título de Experto en Transmisión de la Cultura Vasca</subfield>
   </datafield>
</record></metadata></record></GetRecord></OAI-PMH>